Tras los pasos de-- Napoleón / (Record no. 143083)

MARC details
000 -CABECERA
campo de control de longitud fija 00731nam a2200217 a 4500
005 - FECHA Y HORA DE LA ÚLTIMA TRANSACCIÓN
campo de control 20220905201650.0
008 - ELEMENTOS DE LONGITUD FIJA--INFORMACIÓN GENERAL
campo de control de longitud fija 090604s2007 es r 000 0 spa d
020 ## - NÚMERO INTERNACIONAL NORMALIZADO PARA LIBROS
Número Internacional Estándar del Libro 9788498011968
035 ## - NÚMERO DE CONTROL DEL SISTEMA
Número de control de sistema UPN01000170978
049 ## - COLECCIÓN
Colección CG
050 #4 - SIGNATURA TOPOGRÁFICA DE LA BIBLIOTECA DEL CONGRESO
Número de clasificación DC203
Número de documento/Ítem D4.7
100 1# - ASIENTO PRINCIPAL--NOMBRE PERSONAL
Nombre de persona Dequerer Fergon, Jean Michel
245 10 - MENCIÓN DE TÍTULO
Título Tras los pasos de-- Napoleón /
Mención de responsabilidad, etc. Jean Michel Dequerer Fergon, James Prunier ; tr. Teresa Jarrín Rodríguez.
260 ## - PUBLICACIÓN, DISTRIBUCIÓN, ETC.
Lugar de publicación, distribución, etc. Barcelona, Esp. :
Nombre del editor, distribuidor, etc. Blume,
Fecha de publicación, distribución, etc. c2007.
300 ## - DESCRIPCIÓN FÍSICA
Extensión 127 p. :
Otras características físicas il. col.
440 #0 - MENCIÓN DE SERIE/ASIENTO SECUNDARIO--TÍTULO
Título Tras los pasos
534 ## - NOTA SOBRE LA VERSIÓN ORIGINAL
Frase introductoria Titulo original:
Mención de título del original Sur les traces de... Napoléon
600 00 - ASIENTO SECUNDARIO DE MATERIA - NOMBRE PERSONAL
Nombre de persona Napoleón
Numeración I,
Títulos y otros términos asociados al nombre Emperador de Francia,
Fechas asociadas al nombre 1769-1821
9 (RLIN) 13104
700 1# - ASIENTO SECUNDARIO--NOMBRE DE PERSONAL
Nombre de persona Prunier, James,
Término indicativo de función/relación coaut.
905 ## - TIPO DE MATERIAL
Tipo de material Libro
Holdings
Estado de retiro Estado de pérdida Fuente del sistema de clasificación o colocación Estado dañado No para préstamo Código de colección Localización permanente Ubicación/localización actual Ubicación en estantería Total de préstamos Clasificación Código de barras Fecha visto por última vez Número de copia Tipo de ítem Koha
    Library of Congress Classification     Colección General Bib. Gregorio Torres Quintero Bib. Gregorio Torres Quintero Planta baja 3 DC203 D4.7 263306 31/12/2020 1 Libro